000 00482nam a2200157 i 4500
001 59392
003 ES-MaACL
005 20230906164025.0
007 t|
008 031028s1970 sp ||||1| spa d
100 1 _aElorquiz, Silvino.
_947078
245 1 0 _aRecuerdos personales de 1969 /
_cSilvino Elórquiz.
260 _aBarcelona :
_bDifusora Internacional,
_c[1970]
300 _a311 p., 7 lám. neg. con 13 lám. col. :
_bil. ;
_c30 cm.
852 _aES-MaACL
_jC-37465
_bR.73227
999 _c59392
_d59392